| 000 | 01222nam a2200229Ia 4500 | ||
|---|---|---|---|
| 001 | L360-24295 | ||
| 003 | IT-CnALBA | ||
| 008 | 170116s9999||||xx |||||||||||||| ||und|| | ||
| 040 |
_aIT-CnALBA _cIT-CnALBA |
||
| 041 | _aITALIANO | ||
| 100 | _aBRUNETTA GIUSEPPE, SJ. | ||
| 245 | 0 | _aAABORTO. PER UN'ESATTA IMPOSTAZIONE DEL PROBLEMA. | |
| 250 | _a1a ed. | ||
| 260 |
_aMILANO _bSTUDI SOCIALI CENTRO _c1975 [1° Ed.:1975 - Ed.Ling.Originale: 1975] |
||
| 300 | _a68 p. | ||
| 500 | _aSTUDIO ETICO GIURIDICO. PROBLEMA DELL'ABORTO. EMBRIONE. FETO UMANO. INDICAZIONI PER L'ABORTO DI CARATTERE MEDICO. DEPENALIZZAZIONE DELL'ABORTO? ABORTO TERAPEUTICO. EUGENETICO. ABORTO NEL MONDO. DATI SULL'ABORTO IN ALCUNI PAESI. IN ITALIA. DOCUMENTO DELLA | ||
| 501 | _aSocietà San Paolo EM - Piazza San Paolo, 14 - 12051 ALBA (CN) (non commercial uses only) ® Copyright 2017 | ||
| 520 | _aSTUDIO ETICO GIURIDICO. PROBLEMA DELL'ABORTO. EMBRIONE. FETO UMANO. INDICAZIONI PER L'ABORTO DI CARATTERE MEDICO. DEPENALIZZAZIONE DELL'ABORTO? ABORTO TERAPEUTICO. EUGENETICO. ABORTO NEL MONDO. DATI SULL'ABORTO IN ALCUNI PAESI. IN ITALIA. DOCUMENTO DELLA | ||
| 650 | _aASSICURAZIONI ASSOCIAZIONISMO | ||
| 942 | _cBK | ||
| 957 | _71 | ||
| 999 |
_a29060 _bNO _g Copie: 1 _c283399 _d283399 |
||